[Event "Titled Tuesday intern op 27th Jun Early"]
[Site "Chess.com INT"]
[Date "2023.06.27"]
[Round "1"]
[White "Dixit, Arun"]
[Black "Diaz Perez, Michel Alejandro"]
[Result "1-0"]
[WhiteElo "2304"]
[BlackElo "2473"]
[PlyCount "105"]
[EventDate "2023.06.27"]
[EventType "swiss (blitz)"]
[EventRounds "11"]
[EventCountry "USA"]
[SourceTitle "EXT 2024"]
[Source "ChessBase"]
[SourceDate "2023.10.10"]
[SourceVersion "1"]
[SourceVersionDate "2023.10.10"]
[SourceQuality "1"]

1. Nf3 Nf6 2. g3 d6 3. Bg2 e5 4. 0-0 Nbd7 5. d4 exd4 6. Nxd4 g6 7. c4 Bg7 8. Nc3 0-0 9. b3 Re8 10. Bb2 Nc5 11. Re1 a5 12. e4 c6 13. Qd2 Qc7 14. Rad1 Bg4 15. f3 Bd7 16. Nc2 Re6 17. Nd4 Ree8 18. Nc2 Re6 19. Nd4 Re7 20. Nc2 Ne8 21. Ne3 Be6 22. f4 Rd8 23. f5 Bc8 24. Ncd5 cxd5 25. Nxd5 Qd7 26. f6 Nxf6 27. Nxf6+ Bxf6 28. Bxf6 Qe6 29. e5 Red7 30. Bxd8 Rxd8 31. exd6 Qf6 32. Rf1 Qe5 33. Bd5 Be6 34. Qf2 Rd7 35. Qxc5 Bg4 36. Rde1 Qc3 37. Bxf7+ Rxf7 38. Re8+ Kg7 39. Qe5+ Qxe5 40. Rxe5 Bf5 41. Re7 Rxe7 42. dxe7 Bd7 43. Rf8 b5 44. e8Q Bxe8 45. Rxe8 bxc4 46. bxc4 Kf6 47. Ra8 Ke5 48. Rxa5+ Kd4 49. Ra7 Kxc4 50. Rxh7 g5 51. Rg7 g4 52. Rxg4+ Kd3 53. Rf4 1-0

[Event "PNWCC vs Europe Hybrid 08"]
[Site "Chess.com INT"]
[Date "2022.08.21"]
[Round "5"]
[White "Dixit, Arun"]
[Black "Drenchev, Petar"]
[Result "1/2-1/2"]
[WhiteElo "2299"]
[BlackElo "2344"]
[PlyCount "95"]
[EventDate "2022.08.19"]
[EventType "team-match"]
[EventRounds "8"]
[EventCountry "USA"]
[SourceTitle "EXT 2024"]
[Source "ChessBase"]
[SourceDate "2023.10.10"]
[SourceVersion "1"]
[SourceVersionDate "2023.10.10"]
[SourceQuality "1"]
[WhiteTeam "PNWCC"]
[BlackTeam "Europe"]
[WhiteTeamCountry "USA"]

1. d4 Nf6 2. c4 g6 3. Nc3 d5 4. cxd5 Nxd5 5. Bd2 Nb6 6. Bf4 Bg7 7. e3 0-0 8. Nf3 Bg4 9. Be2 N8d7 10. 0-0 c6 11. h3 Bxf3 12. Bxf3 e5 13. dxe5 Nxe5 14. Be2 Qe7 15. Qb3 Rfd8 16. a4 Nd3 17. Bxd3 Rxd3 18. a5 Nd5 19. Nxd5 Rxd5 20. a6 Rb5 21. Qc4 Rb4 22. axb7 Qxb7 23. Qa6 Bxb2 24. Qxb7 Rxb7 25. Ra2 Rb5 26. Rb1 Bg7 27. Rc1 c5 28. Ra6 Rb6 29. Rxb6 axb6 30. Bc7 b5 31. Rxc5 Rc8 32. Bd6 Rxc5 33. Bxc5 f5 34. Kf1 Kf7 35. Ke2 Ke6 36. Kd3 Kd5 37. Bb4 h5 38. f3 Be5 39. g4 fxg4 40. fxg4 hxg4 41. hxg4 Bd6 42. Be1 Bc5 43. Bg3 Bd6 44. Be1 Kc5 45. Bc3 Bg3 46. Bd4+ Kd5 47. Bc3 Bd6 48. Be1 1/2-1/2

[Event "PNWCC vs Europe Hybrid 04"]
[Site "Chess.com INT"]
[Date "2022.04.24"]
[Round "4"]
[White "Dixit, Arun"]
[Black "Stoynov, Ivan"]
[Result "1/2-1/2"]
[WhiteElo "2201"]
[BlackElo "2245"]
[PlyCount "26"]
[EventDate "2022.04.23"]
[EventType "team-tourn"]
[EventRounds "4"]
[EventCountry "USA"]
[SourceTitle "EXT 2023"]
[Source "ChessBase"]
[SourceDate "2022.10.05"]
[SourceVersion "1"]
[SourceVersionDate "2022.10.05"]
[SourceQuality "1"]
[WhiteTeam "PNWCC"]
[BlackTeam "Europe"]
[WhiteTeamCountry "USA"]

1. d4 g6 2. e4 Bg7 3. Nc3 c6 4. f4 d6 5. Be3 Nf6 6. Nf3 d5 7. e5 Ng4 8. Bg1 h5 9. Bd3 Nh6 10. Qd2 Bg4 11. Nh4 e6 12. Bf2 Bf5 13. h3 Bxd3 1/2-1/2

[Event "PNWCC vs Europe Hybrid 04"]
[Site "Chess.com INT"]
[Date "2022.04.24"]
[Round "3"]
[White "Zahariev, Zahari"]
[Black "Dixit, Arun"]
[Result "1/2-1/2"]
[WhiteElo "2311"]
[BlackElo "2201"]
[PlyCount "63"]
[EventDate "2022.04.23"]
[EventType "team-tourn"]
[EventRounds "4"]
[EventCountry "USA"]
[SourceTitle "EXT 2023"]
[Source "ChessBase"]
[SourceDate "2022.10.05"]
[SourceVersion "1"]
[SourceVersionDate "2022.10.05"]
[SourceQuality "1"]
[WhiteTeam "Europe"]
[BlackTeam "PNWCC"]
[BlackTeamCountry "USA"]

1. d4 Nf6 2. c4 e6 3. Nf3 Bb4+ 4. Bd2 a5 5. Nc3 0-0 6. a3 Bxc3 7. Bxc3 Ne4 8. Qc2 f5 9. e3 b6 10. Be2 Bb7 11. 0-0 a4 12. Rad1 d6 13. d5 Nxc3 14. Qxc3 e5 15. Nd2 Nd7 16. f4 Qe7 17. Bd3 exf4 18. exf4 Qe3+ 19. Rf2 Rae8 20. g3 Nc5 21. Nf1 Qe7 22. Re2 Qd7 23. Rde1 Rxe2 24. Rxe2 c6 25. Ne3 g6 26. dxc6 Bxc6 27. Nd5 Bxd5 28. cxd5 Re8 29. Rxe8+ Qxe8 30. Kf2 Qa8 31. Qd4 Nxd3+ 32. Qxd3 1/2-1/2

[Event "PNWCC-Bulgaria Hybrid m3"]
[Site "Chess.com INT"]
[Date "2022.01.29"]
[Round "1"]
[White "Dixit, Arun"]
[Black "Ermenkov, Evgenij"]
[Result "1/2-1/2"]
[WhiteElo "2172"]
[BlackElo "2313"]
[PlyCount "64"]
[EventDate "2022.01.29"]
[EventType "team-match"]
[EventRounds "4"]
[EventCountry "USA"]
[SourceTitle "CBM 206 Extra"]
[Source "ChessBase"]
[SourceDate "2022.03.31"]
[SourceVersion "1"]
[SourceVersionDate "2022.03.31"]
[SourceQuality "1"]
[WhiteTeam "PNWCC"]
[BlackTeam "Bulgaria"]
[WhiteTeamCountry "USA"]
[BlackTeamCountry "BUL"]

1. d4 Nf6 2. c4 e6 3. Nc3 d5 4. cxd5 exd5 5. Bf4 c6 6. e3 Bf5 7. Bd3 Bg6 8. Nge2 Be7 9. Rb1 Nbd7 10. b4 a6 11. a4 b5 12. 0-0 Nb6 13. Ng3 Qd7 14. a5 Nc4 15. e4 0-0 16. e5 Ne8 17. Bc1 Nc7 18. f4 Bxd3 19. Qxd3 f5 20. Nd1 g6 21. Ne3 Rf7 22. Ne2 Raf8 23. Bd2 Kh8 24. Nc2 Ne6 25. Na1 h5 26. Nb3 Rh7 27. Bc3 Kg7 28. Nc5 Bxc5 29. dxc5 Kf7 30. Nd4 Nxd4 31. Qxd4 Ke6 32. h4 Qe7 1/2-1/2

[Event "PNWCC-Bulgaria Hybrid m2"]
[Site "Chess.com INT"]
[Date "2021.12.19"]
[Round "4"]
[White "Dixit, Arun"]
[Black "Zahariev, Zahari"]
[Result "1-0"]
[WhiteElo "2175"]
[BlackElo "2370"]
[PlyCount "119"]
[EventDate "2021.12.18"]
[EventType "team-match"]
[EventRounds "12"]
[EventCountry "USA"]
[SourceTitle "CBM 206 Extra"]
[Source "ChessBase"]
[SourceDate "2022.03.31"]
[SourceVersion "1"]
[SourceVersionDate "2022.03.31"]
[SourceQuality "1"]
[WhiteTeam "PNWCC"]
[BlackTeam "Bulgaria"]
[WhiteTeamCountry "USA"]
[BlackTeamCountry "BUL"]

1. d4 d6 2. e4 Nf6 3. Nc3 c6 4. Bg5 Nbd7 5. Qe2 e5 6. Nf3 Be7 7. h4 Qc7 8. a4 Nf8 9. Qd2 h6 10. Be3 Ng4 11. Bc4 Bf6 12. d5 c5 13. Nb5 Qd8 14. a5 Nxe3 15. Qxe3 a6 16. Nc3 h5 17. g3 g6 18. Nd2 Bg7 19. Be2 Nd7 20. Nc4 Qc7 21. Na4 Rb8 22. Ra3 Nf6 23. Rb3 Bd7 24. Nab6 Bb5 25. Rg1 Bxc4 26. Nxc4 Nd7 27. Bf1 Bh6 28. Qc3 0-0 29. Bh3 b5 30. axb6 Nxb6 31. Qa5 Na8 32. Qxc7 Nxc7 33. Nxd6 Rxb3 34. cxb3 Rb8 35. Nc4 Nb5 36. Kf1 Bf8 37. Nxe5 Nd6 38. Nc6 Rxb3 39. e5 Nc4 40. d6 Nxd6 41. exd6 Bxd6 42. Kg2 Rxb2 43. Rd1 Bc7 44. Rd7 Bb6 45. Ne7+ Kf8 46. Nd5 c4 47. Nxb6 Rxb6 48. Rc7 Rf6 49. Rxc4 Kg7 50. Rc7 Rb6 51. Ra7 Rd6 52. Bc8 Rc6 53. Bxa6 Rf6 54. Bc4 Kf8 55. f4 Kg7 56. Kf3 Kf8 57. Ke4 Kg7 58. Rxf7+ Rxf7 59. Bxf7 Kxf7 60. f5 1-0

[Event "PNWCC-Pirot Hybrid m3"]
[Site "Chess.com INT"]
[Date "2021.10.23"]
[Round "1"]
[White "Dixit, Arun"]
[Black "Bozic, Milan"]
[Result "1/2-1/2"]
[WhiteElo "2115"]
[BlackElo "2256"]
[PlyCount "74"]
[EventDate "2021.10.23"]
[EventType "team-match"]
[EventRounds "4"]
[EventCountry "USA"]
[SourceTitle "CBM 204 Extra"]
[Source "ChessBase"]
[SourceDate "2021.11.30"]
[SourceVersion "1"]
[SourceVersionDate "2021.11.30"]
[SourceQuality "1"]
[WhiteTeam "PNWCC"]
[BlackTeam "Pirot"]
[WhiteTeamCountry "USA"]
[BlackTeamCountry "SRB"]

1. d4 d6 2. c4 c6 3. Nc3 e5 4. d5 Nf6 5. g3 cxd5 6. cxd5 Be7 7. Bg2 Nbd7 8. Nf3 0-0 9. 0-0 a6 10. a4 a5 11. Bg5 Ne8 12. Bxe7 Qxe7 13. Qb3 Nc5 14. Qa3 f5 15. Nd2 Nc7 16. Nc4 Rf6 17. Nxa5 Rxa5 18. b4 Ra7 19. bxc5 dxc5 20. d6 Qxd6 21. Rfd1 Qe7 22. Qb3+ Kh8 23. Nd5 Nxd5 24. Rxd5 e4 25. Rad1 Rf8 26. Qb5 c4 27. Qxc4 Be6 28. Re5 Bxc4 29. Rxe7 Rxa4 30. Bf1 b5 31. e3 Bxf1 32. Kxf1 Raa8 33. Rb7 Rab8 34. Rdd7 Rxb7 35. Rxb7 g6 36. Rxb5 Kg7 37. Kg2 Rf7 1/2-1/2

[Event "PNWCC-Pirot Hybrid m2"]
[Site "Chess.com INT"]
[Date "2021.10.17"]
[Round "3"]
[White "Dixit, Arun"]
[Black "Todorovic, Bojan"]
[Result "1/2-1/2"]
[WhiteElo "2115"]
[BlackElo "2232"]
[PlyCount "44"]
[EventDate "2021.10.16"]
[EventType "team-match"]
[EventRounds "4"]
[EventCountry "USA"]
[SourceTitle "EXT 2023"]
[Source "ChessBase"]
[SourceDate "2022.10.05"]
[SourceVersion "1"]
[SourceVersionDate "2022.10.05"]
[SourceQuality "1"]
[WhiteTeam "PNWCC"]
[BlackTeam "Pirot"]
[WhiteTeamCountry "USA"]
[BlackTeamCountry "SRB"]

1. d4 Nf6 2. c4 g6 3. Nc3 Bg7 4. e4 d6 5. f4 0-0 6. Nf3 Na6 7. Bd3 Bg4 8. 0-0 e5 9. fxe5 Nd7 10. h3 Bxf3 11. Qxf3 c5 12. Nd5 cxd4 13. exd6 Ne5 14. Qg3 Nc5 15. Bg5 f6 16. Qxe5 fxe5 17. Bxd8 Raxd8 18. Rad1 a5 19. b3 Rxf1+ 20. Kxf1 Bf8 21. Bc2 Bxd6 22. Ke2 Kg7 1/2-1/2

[Event "PNWCC-Pirot Hybrid m"]
[Site "Chess.com INT"]
[Date "2021.09.18"]
[Round "1.4"]
[White "Dixit, Arun"]
[Black "Todorovic, Bojan"]
[Result "1-0"]
[WhiteElo "2030"]
[BlackElo "2278"]
[PlyCount "61"]
[EventDate "2021.09.18"]
[EventType "team-match"]
[EventRounds "4"]
[EventCountry "USA"]
[SourceTitle "CBM 204 Extra"]
[Source "ChessBase"]
[SourceDate "2021.11.30"]
[SourceVersion "1"]
[SourceVersionDate "2021.11.30"]
[SourceQuality "1"]
[WhiteTeam "PNWCC"]
[BlackTeam "Pirot"]
[WhiteTeamCountry "USA"]
[BlackTeamCountry "SRB"]

1. d4 Nf6 2. c4 g6 3. Nc3 Bg7 4. e4 d6 5. f4 0-0 6. Nf3 c5 7. dxc5 Qa5 8. Bd3 Qxc5 9. Qe2 Nc6 10. Be3 Qa5 11. 0-0 Ng4 12. Bd2 Qb6+ 13. Kh1 Qxb2 14. e5 dxe5 15. Rab1 Qa3 16. h3 Nh6 17. Rb3 Qa5 18. fxe5 Nf5 19. Bxf5 Bxf5 20. Rxb7 Qa6 21. Rb5 Be6 22. Bf4 Rad8 23. Ne4 Nd4 24. Nxd4 Rxd4 25. Nc5 Bxc4 26. Qxc4 Rxc4 27. Nxa6 Ra4 28. Nb4 Rc8 29. Nd5 Kf8 30. Bg5 e6 31. Rb7 1-0

[Event "Titled Tuesday intern op 10th Aug"]
[Site "Chess.com INT"]
[Date "2021.08.10"]
[Round "9"]
[White "Dixit, Arun"]
[Black "Espinosa, Pedro"]
[Result "1/2-1/2"]
[WhiteElo "2030"]
[BlackElo "1841"]
[PlyCount "53"]
[EventDate "2021.08.10"]
[EventType "swiss (blitz)"]
[EventRounds "11"]
[EventCountry "USA"]
[SourceTitle "CBM 203 Extra"]
[Source "ChessBase"]
[SourceDate "2021.09.30"]
[SourceVersion "1"]
[SourceVersionDate "2021.09.30"]
[SourceQuality "1"]

1. d4 d5 2. c4 c6 3. Nf3 Nf6 4. Qc2 dxc4 5. e4 Bg4 6. Be3 Nbd7 7. Bxc4 e6 8. Nc3 Nb6 9. Bb3 Be7 10. Ne5 Bh5 11. f3 Nbd7 12. g4 Bg6 13. h4 Nxe5 14. dxe5 Nd5 15. Nxd5 Bxh4+ 16. Rxh4 Qxh4+ 17. Bf2 Qh1+ 18. Ke2 Qxa1 19. Nc7+ Kd7 20. Qd2+ Kxc7 21. Qd6+ Kc8 22. Bxe6+ fxe6 23. Qxe6+ Kc7 24. Qd6+ Kc8 25. Qe6+ Kc7 26. Qd6+ Kc8 27. Qe6+ 1/2-1/2

[Event "Bayamon Rio Hondo op 6th"]
[Site "Bayamon"]
[Date "2021.07.25"]
[Round "2"]
[White "Dixit, Arun"]
[Black "Ramirez Lopez, Carlos"]
[Result "1-0"]
[WhiteElo "2084"]
[BlackElo "2042"]
[PlyCount "51"]
[EventDate "2021.07.24"]
[EventType "swiss"]
[EventRounds "7"]
[EventCountry "PUR"]
[SourceTitle "EXT 2022"]
[Source "ChessBase"]
[SourceDate "2021.10.06"]
[SourceVersion "1"]
[SourceVersionDate "2021.10.06"]
[SourceQuality "1"]

1. d4 g6 2. e4 d6 3. Be3 c6 4. Qd2 Nd7 5. Be2 Qc7 6. h4 Ngf6 7. f3 h5 8. Nh3 Bg7 9. Ng5 e6 10. a4 b6 11. Nc3 a6 12. f4 d5 13. f5 exf5 14. exf5 gxf5 15. 0-0 Nf8 16. Bf4 Qe7 17. Be5 Be6 18. Bd3 Ng6 19. Bxf5 Nxe5 20. dxe5 Ng4 21. Bxe6 fxe6 22. Rf7 Qc5+ 23. Kh1 Bh6 24. Nce4 Bxg5 25. hxg5 Nf2+ 26. Qxf2 1-0

[Event "Titled Tuesday intern op 20th July"]
[Site "Chess.com INT"]
[Date "2021.07.20"]
[Round "5"]
[White "Arkell, Keith C"]
[Black "Dixit, Arun"]
[Result "1/2-1/2"]
[WhiteElo "2381"]
[BlackElo "2084"]
[PlyCount "151"]
[EventDate "2021.07.20"]
[EventType "swiss (blitz)"]
[EventRounds "11"]
[EventCountry "USA"]
[SourceTitle "CBM 203 Extra"]
[Source "ChessBase"]
[SourceDate "2021.09.30"]
[SourceVersion "1"]
[SourceVersionDate "2021.09.30"]
[SourceQuality "1"]

1. d4 e5 2. dxe5 Nc6 3. Nf3 d6 4. Bg5 f6 5. exf6 Nxf6 6. Nc3 Be7 7. e3 Be6 8. Nd4 Nxd4 9. Qxd4 0-0 10. Bc4 Qd7 11. Bxe6+ Qxe6 12. 0-0 h6 13. Bxf6 Bxf6 14. Qd5 Rae8 15. Rab1 Bxc3 16. Qxe6+ Rxe6 17. bxc3 b6 18. Rfd1 Rf5 19. a4 Rc5 20. Rb3 Re4 21. Rd4 Rc4 22. Rxe4 Rxe4 23. Rb4 Re5 24. Kf1 Rc5 25. Rb3 Kf7 26. Ke2 Ke6 27. e4 Ke5 28. Ke3 g5 29. f3 d5 30. Rb5 Rxc3+ 31. Kd2 Rc5 32. Rxc5 bxc5 33. exd5 Kxd5 34. Kc3 c4 35. g3 h5 36. a5 a6 37. h4 gxh4 38. gxh4 c6 39. Kd2 Ke5 40. Ke3 Kf5 41. Kd4 Kf4 42. Kc5 Kxf3 43. Kb6 Ke2 44. Kxa6 Kd2 45. Kb6 Kxc2 46. a6 c3 47. a7 Kb2 48. a8Q c2 49. Qh8+ Kb1 50. Qh7 Kb2 51. Qg7+ Kb1 52. Qg6 Kb2 53. Qf6+ Kb1 54. Qf5 Kb2 55. Qe5+ Kb1 56. Qe4 c5 57. Kxc5 Ka1 58. Qa4+ Kb1 59. Qb3+ Ka1 60. Qc3+ Kb1 61. Kd4 c1Q 62. Qxc1+ Kxc1 63. Ke3 Kc2 64. Kf4 Kd3 65. Kg5 Ke4 66. Kxh5 Kf5 67. Kh6 Kf6 68. Kh7 Kf7 69. h5 Kf8 70. Kh8 Kf7 71. Kh7 Kf8 72. Kh6 Kg8 73. Kg6 Kh8 74. h6 Kg8 75. h7+ Kh8 76. Kh6 1/2-1/2

[Event "Titled Tuesday intern op 20th July"]
[Site "Chess.com INT"]
[Date "2021.07.20"]
[Round "2"]
[White "Mohammad Fahad, Rahman"]
[Black "Dixit, Arun"]
[Result "0-1"]
[WhiteElo "2339"]
[BlackElo "2084"]
[PlyCount "64"]
[EventDate "2021.07.20"]
[EventType "swiss (blitz)"]
[EventRounds "11"]
[EventCountry "USA"]
[SourceTitle "CBM 203 Extra"]
[Source "ChessBase"]
[SourceDate "2021.09.30"]
[SourceVersion "1"]
[SourceVersionDate "2021.09.30"]
[SourceQuality "1"]

1. c4 Nf6 2. g3 e5 3. Nc3 Nc6 4. Bg2 Bc5 5. e3 d6 6. Nge2 Bg4 7. 0-0 Qd7 8. a3 h5 9. h4 g5 10. hxg5 Nh7 11. Ne4 Bh3 12. d4 Bxg2 13. Kxg2 Qf5 14. f3 Nxg5 15. Nxg5 Qxg5 16. dxc5 0-0-0 17. Qd5 h4 18. g4 Rh7 19. Qe4 Rg7 20. Kh3 Ne7 21. Bd2 f5 22. Qc2 fxg4+ 23. Kh2 gxf3 24. Rg1 Qf6 25. Nc3 Rdg8 26. Ne4 Rg2+ 27. Kh1 Qe6 28. Nf2 R8g3 29. Rxg2 Rxg2 30. Bc3 Nf5 31. Ne4 Ng3+ 32. Nxg3 Qh3# 0-1

[Event "Titled Tuesday intern op 13th July"]
[Site "Chess.com INT"]
[Date "2021.07.13"]
[Round "5"]
[White "Dixit, Arun"]
[Black "Ronka, Erik"]
[Result "1-0"]
[WhiteElo "2084"]
[BlackElo "2303"]
[PlyCount "49"]
[EventDate "2021.07.13"]
[EventType "swiss (blitz)"]
[EventRounds "11"]
[EventCountry "USA"]
[SourceTitle "CBM 203 Extra"]
[Source "ChessBase"]
[SourceDate "2021.09.30"]
[SourceVersion "1"]
[SourceVersionDate "2021.09.30"]
[SourceQuality "1"]

1. d4 d5 2. c4 e6 3. Nc3 a6 4. g3 Nf6 5. Bg2 Be7 6. Nf3 0-0 7. 0-0 dxc4 8. Ne5 c5 9. dxc5 Bxc5 10. Nxc4 Qc7 11. Bf4 Qe7 12. Bd6 Bxd6 13. Qxd6 Qxd6 14. Nxd6 Nc6 15. Rac1 Rb8 16. Bxc6 bxc6 17. b3 Nd5 18. Nce4 f5 19. Nc5 a5 20. Nxc8 Rbxc8 21. Nxe6 Rfe8 22. Nd4 c5 23. Nxf5 Rxe2 24. Rfe1 Rxa2 25. Rcd1 1-0

[Event "Titled Tuesday intern op 29th June"]
[Site "Chess.com INT"]
[Date "2021.06.29"]
[Round "9"]
[White "Dixit, Arun"]
[Black "Golubenko, Valentina"]
[Result "0-1"]
[WhiteElo "2054"]
[BlackElo "2209"]
[PlyCount "80"]
[EventDate "2021.06.29"]
[EventType "swiss (blitz)"]
[EventRounds "11"]
[EventCountry "USA"]
[SourceTitle "CBM 203 Extra"]
[Source "ChessBase"]
[SourceDate "2021.09.30"]
[SourceVersion "1"]
[SourceVersionDate "2021.09.30"]
[SourceQuality "1"]

1. d4 g6 2. c4 Bg7 3. Nc3 c5 4. d5 Bxc3+ 5. bxc3 Qa5 6. Bd2 f5 7. g4 d6 8. h4 Nf6 9. h5 Rg8 10. hxg6 hxg6 11. g5 Ne4 12. f3 Nxd2 13. Qxd2 Nd7 14. f4 Nb6 15. e3 Bd7 16. Rh7 0-0-0 17. Rxe7 Rde8 18. Rxe8+ Rxe8 19. Bd3 Qa4 20. Kf2 Nxc4 21. Bxc4 Qxc4 22. Nf3 Rh8 23. Kg3 Qe4 24. Nh4 Rg8 25. Re1 Bb5 26. Qb2 Bc4 27. Qg2 Bxd5 28. Qxe4 Bxe4 29. c4 Kc7 30. Rd1 a6 31. Rd2 b5 32. cxb5 axb5 33. Nf3 Ra8 34. Rb2 Kc6 35. Nd2 Bd5 36. Kh4 Rxa2 37. Rxa2 Bxa2 38. e4 fxe4 39. Nxe4 Bb1 40. Ng3 Kd7 0-1

[Event "Titled Tuesday intern op 29th June"]
[Site "Chess.com INT"]
[Date "2021.06.29"]
[Round "8"]
[White "Dixit, Arun"]
[Black "Selkirk, Rebecca"]
[Result "1-0"]
[WhiteElo "2054"]
[BlackElo "1799"]
[PlyCount "73"]
[EventDate "2021.06.29"]
[EventType "swiss (blitz)"]
[EventRounds "11"]
[EventCountry "USA"]
[SourceTitle "CBM 203 Extra"]
[Source "ChessBase"]
[SourceDate "2021.09.30"]
[SourceVersion "1"]
[SourceVersionDate "2021.09.30"]
[SourceQuality "1"]

1. d4 d5 2. c4 c6 3. Nc3 Nf6 4. Nf3 e6 5. Bf4 Nbd7 6. e3 Be7 7. cxd5 exd5 8. Bd3 0-0 9. Rg1 Nh5 10. Be5 Nxe5 11. Nxe5 Nf6 12. g4 c5 13. g5 Nd7 14. Bxh7+ Kxh7 15. Qh5+ Kg8 16. Nxf7 Rxf7 17. g6 Nf6 18. gxf7+ Kf8 19. Qh8+ Kxf7 20. Rxg7+ Ke6 21. Qh3+ Kd6 22. dxc5+ Kc6 23. Qf3 Be6 24. 0-0-0 Bxc5 25. Rg6 Be7 26. e4 d4 27. e5+ Bd5 28. Nxd5 Qxd5 29. Qxd5+ Kxd5 30. exf6 Rc8+ 31. Kb1 Bd6 32. Rg5+ Ke6 33. Rxd4 Be5 34. Re4 Rc5 35. Rgxe5+ Rxe5 36. Rxe5+ Kxe5 37. f7 1-0

[Event "Titled Tuesday intern op 15th June"]
[Site "Chess.com INT"]
[Date "2021.06.15"]
[Round "4"]
[White "Dixit, Arun"]
[Black "Demeter, Dorina"]
[Result "1-0"]
[WhiteElo "2054"]
[BlackElo "2022"]
[PlyCount "133"]
[EventDate "2021.06.15"]
[EventType "swiss (blitz)"]
[EventRounds "11"]
[EventCountry "USA"]
[SourceTitle "CBM 203 Extra"]
[Source "ChessBase"]
[SourceDate "2021.09.30"]
[SourceVersion "1"]
[SourceVersionDate "2021.09.30"]
[SourceQuality "1"]

1. d4 Nf6 2. c4 e6 3. Nc3 Bb4 4. e3 0-0 5. Nf3 c5 6. Bd2 cxd4 7. Nxd4 Nc6 8. a3 Ba5 9. b4 Nxd4 10. exd4 Bc7 11. Be2 d5 12. cxd5 Nxd5 13. Nxd5 Qxd5 14. Be3 Rd8 15. Bf3 Qb5 16. Rc1 Bb6 17. Qe2 Qxe2+ 18. Kxe2 a5 19. b5 Bd7 20. a4 Rac8 21. Bxb7 Rb8 22. Bf3 Rdc8 23. Kd2 Kf8 24. Rxc8+ Rxc8 25. Rc1 Rxc1 26. Kxc1 Ke7 27. Kc2 f6 28. Kd3 Kd6 29. Bf4+ e5 30. dxe5+ fxe5 31. Be3 Be6 32. Bxb6 Bb3 33. Bxa5 Bxa4 34. b6 Bb5+ 35. Kc3 e4 36. Bxe4 Ba6 37. b7 Bxb7 38. Bxb7 Ke5 39. Bf3 Kf4 40. Bb4 Kg5 41. Bd6 h5 42. Bg3 Kh6 43. h4 Kh7 44. Bf4 Kg6 45. Bg5 Kh7 46. Kd4 Kg6 47. Ke5 Kh7 48. Be4+ Kh8 49. f4 Kg8 50. g3 Kh8 51. f5 Kg8 52. Kf4 Kh8 53. Bf3 Kh7 54. Bxh5 Kh8 55. Bf3 Kh7 56. g4 Kh8 57. h5 Kh7 58. Bh4 Kh8 59. Bg3 Kh7 60. Bf2 Kh8 61. Be3 Kh7 62. Bd4 Kh8 63. Kg5 Kh7 64. f6 Kh8 65. fxg7+ Kg8 66. Bd5+ Kh7 67. g8B# 1-0